[Event "MCR muzu 2023"]
[Site "?"]
[Date "2023.05.17"]
[Round "9.1"]
[White "Kraus, Tomas"]
[Black "Plat, Vojtech"]
[Result "1-0"]
[BlackElo "2535"]
[WhiteElo "2473"]
[LiveChessVersion "1.4.8"]

1. e4 {[%clk 1:30:51]} c5 {[%clk 1:20:12]} 2. Nf3 {[%clk 1:30:06]} Nc6
{[%clk 1:19:14]} 3. Bb5 {[%clk 1:29:18]} g6 {[%clk 1:15:23]} 4. Bxc6
{[%clk 1:28:47]} dxc6 {[%clk 1:14:42]} 5. d3 {[%clk 1:28:24]} Bg7
{[%clk 1:14:42]} 6. h3 {[%clk 1:28:40]} Nf6 {[%clk 1:14:55]} 7. Nc3
{[%clk 1:27:09]} Nd7 {[%clk 1:08:55]} 8. Be3 {[%clk 1:25:21]} e5 {[%clk 1:07:24]}
9. Qd2 {[%clk 1:23:16]} h6 {[%clk 1:00:52]} 10. O-O {[%clk 1:20:35]} b6
{[%clk 0:56:58]} 11. Nh2 {[%clk 1:19:05]} Nf8 {[%clk 0:50:55]} 12. f4
{[%clk 1:12:53]} exf4 {[%clk 0:45:59]} 13. Bxf4 {[%clk 1:12:57]} g5
{[%clk 0:37:23]} 14. Bg3 {[%clk 1:02:18]} Ng6 {[%clk 0:30:08]} 15. Rae1
{[%clk 0:54:54]} Be6 {[%clk 0:25:15]} 16. e5 {[%clk 0:47:50]} Qe7
{[%clk 0:20:11]} 17. Ne4 {[%clk 0:36:27]} Nxe5 {[%clk 0:13:05]} 18. Rf6
{[%clk 0:32:26]} Ng6 {[%clk 0:07:43]} 19. Nd6+ {[%clk 0:31:17]} Qxd6
{[%clk 0:07:58]} 20. Bxd6 {[%clk 0:31:39]} Bxf6 {[%clk 0:08:24]} 21. b4
{[%clk 0:26:33]} cxb4 {[%clk 0:06:22]} 22. Bxb4 O-O-O {[%clk 0:05:25]} 23. Bc3
{[%clk 0:24:15]} Bxc3 {[%clk 0:04:27]} 24. Qxc3 {[%clk 0:24:40]} c5
{[%clk 0:03:39]} 25. Rxe6 {[%clk 0:15:52]} fxe6 {[%clk 0:03:52]} 26. Qg7
{[%clk 0:16:09]} Nf4 {[%clk 0:03:58]} 27. Qxa7 {[%clk 0:15:24]} Rhf8
{[%clk 0:04:11]} 28. Nf3 {[%clk 0:13:22]} Nxh3+ {[%clk 0:03:36]} 29. Kh2
{[%clk 0:12:55]} Nf4 {[%clk 0:01:40]} 30. Ne5 {[%clk 0:12:34]} Rf5
{[%clk 0:01:14]} 31. Qa8+ {[%clk 0:12:04]} Kc7 {[%clk 0:01:40]} 32. Qc6+
{[%clk 0:12:29]} 1-0

[Event "MCR muzu 2023"]
[Site "?"]
[Date "2023.05.17"]
[Round "9.2"]
[White "Navara, David"]
[Black "Babula, Vlastimil"]
[Result "1/2-1/2"]
[BlackElo "2533"]
[WhiteElo "2678"]
[LiveChessVersion "1.4.8"]

1. e4 {[%clk 1:30:58]} c5 {[%clk 1:30:51]} 2. Nf3 {[%clk 1:31:26]} e6
{[%clk 1:31:09]} 3. d4 {[%clk 1:31:52]} cxd4 {[%clk 1:31:32]} 4. Nxd4
{[%clk 1:32:20]} Nc6 {[%clk 1:31:43]} 5. Nc3 {[%clk 1:32:46]} Qc7
{[%clk 1:31:45]} 6. Be2 {[%clk 1:33:12]} Nf6 {[%clk 1:31:00]} 7. O-O
{[%clk 1:33:12]} Be7 {[%clk 1:30:44]} 8. Be3 {[%clk 1:33:03]} O-O
{[%clk 1:30:30]} 9. f4 {[%clk 1:32:03]} d6 {[%clk 1:30:23]} 10. Kh1
{[%clk 1:30:25]} a6 {[%clk 1:29:45]} 11. Qe1 {[%clk 1:30:36]} Nxd4
{[%clk 1:29:29]} 12. Bxd4 {[%clk 1:30:51]} b5 {[%clk 1:29:44]} 13. Qg3
{[%clk 1:31:12]} Bb7 {[%clk 1:28:49]} 14. a3 {[%clk 1:31:22]} Rad8
{[%clk 1:27:54]} 15. Rae1 {[%clk 1:31:18]} Bc6 {[%clk 1:27:37]} 16. Bd3
{[%clk 1:28:19]} Qd7 {[%clk 1:26:28]} 17. Nd1 {[%clk 1:19:37]} g6
{[%clk 1:21:59]} 18. Nf2 {[%clk 1:05:08]} Nh5 {[%clk 1:15:33]} 19. Qe3
{[%clk 0:57:48]} Nxf4 {[%clk 1:08:57]} 20. Qxf4 {[%clk 0:54:39]} e5
{[%clk 1:08:16]} 21. Bxe5 {[%clk 0:55:01]} dxe5 {[%clk 1:08:35]} 22. Qxe5
{[%clk 0:55:28]} Qd6 {[%clk 0:49:26]} 23. Ng4 {[%clk 0:52:15]} Qxe5
{[%clk 0:48:20]} 24. Nxe5 {[%clk 0:52:38]} Bb7 {[%clk 0:47:26]} 25. a4
{[%clk 0:37:55]} Bd6 {[%clk 0:36:10]} 26. Ng4 {[%clk 0:36:02]} bxa4
{[%clk 0:35:46]} 27. Ra1 {[%clk 0:36:07]} Bc6 {[%clk 0:30:17]} 28. Bxa6
{[%clk 0:34:49]} Kg7 {[%clk 0:27:06]} 29. Bd3 {[%clk 0:34:31]} Rfe8
{[%clk 0:25:42]} 30. Nf6 {[%clk 0:26:40]} Re7 {[%clk 0:24:45]} 31. Nd5
{[%clk 0:24:51]} Rb7 {[%clk 0:24:04]} 32. Ra2 {[%clk 0:24:50]} Rdb8
{[%clk 0:21:49]} 33. Ne3 {[%clk 0:24:58]} Re8 {[%clk 0:16:50]} 1/2-1/2

[Event "MCR muzu 2023"]
[Site "?"]
[Date "2023.05.17"]
[Round "9.3"]
[White "Zwardon, Vojtech"]
[Black "Stocek, Jiri"]
[Result "1/2-1/2"]
[BlackElo "2525"]
[WhiteElo "2494"]
[LiveChessVersion "1.4.8"]

1. c4 {[%clk 1:30:58]} b6 {[%clk 1:30:02]} 2. Nf3 {[%clk 1:31:26]} Bb7
{[%clk 1:30:26]} 3. g3 {[%clk 1:31:53]} g6 {[%clk 1:30:42]} 4. Bg2
{[%clk 1:32:19]} Bg7 {[%clk 1:31:06]} 5. d4 {[%clk 1:32:35]} Nf6 {[%clk 1:30:24]}
6. O-O {[%clk 1:32:44]} e6 {[%clk 1:30:21]} 7. Nc3 {[%clk 1:32:00]} Ne4
{[%clk 1:30:03]} 8. d5 {[%clk 1:23:54]} Nxc3 {[%clk 1:29:12]} 9. bxc3
{[%clk 1:24:17]} O-O {[%clk 1:26:59]} 10. Nd4 {[%clk 1:22:29]} e5
{[%clk 1:20:17]} 11. Nb5 {[%clk 1:21:56]} d6 {[%clk 1:03:51]} 12. c5
{[%clk 1:19:01]} bxc5 {[%clk 0:58:38]} 13. Rb1 {[%clk 1:19:20]} Bc8
{[%clk 0:46:11]} 14. Nxa7 {[%clk 1:15:11]} Ba6 {[%clk 0:41:57]} 15. Nc6
{[%clk 1:11:18]} Nxc6 {[%clk 0:42:15]} 16. dxc6 {[%clk 1:11:46]} e4
{[%clk 0:41:08]} 17. Bxe4 {[%clk 1:11:17]} Re8 {[%clk 0:41:06]} 18. Bf3
{[%clk 1:10:29]} Bc4 {[%clk 0:37:39]} 19. a3 {[%clk 1:08:22]} d5 {[%clk 0:36:55]}
20. Qd2 {[%clk 1:06:11]} Qd6 {[%clk 0:23:27]} 21. Rd1 {[%clk 1:06:25]} Rad8
{[%clk 0:20:39]} 22. Qf4 {[%clk 1:05:22]} Bxc3 {[%clk 0:13:39]} 23. Qxd6
{[%clk 1:05:08]} Rxd6 {[%clk 0:13:58]} 24. Be3 {[%clk 1:05:35]} Bd4
{[%clk 0:09:30]} 25. Bxd4 {[%clk 1:05:52]} cxd4 {[%clk 0:09:57]} 26. Rxd4
{[%clk 1:06:19]} Rxc6 {[%clk 0:09:02]} 27. e4 {[%clk 1:05:25]} Ra6
{[%clk 0:07:15]} 28. exd5 {[%clk 1:04:39]} Rxa3 {[%clk 0:07:32]} 29. Kg2
{[%clk 1:00:13]} Rc3 {[%clk 0:07:53]} 30. h4 {[%clk 0:58:13]} h5 {[%clk 0:07:22]}
31. Rb4 {[%clk 0:56:18]} Bd3 {[%clk 0:06:43]} 32. Rb7 {[%clk 0:56:04]} Bf5
{[%clk 0:05:13]} 33. Ra7 {[%clk 0:52:05]} Kg7 {[%clk 0:02:36]} 34. Rb4
{[%clk 0:50:04]} Re5 {[%clk 0:02:58]} 35. Rf4 {[%clk 0:49:22]} Kf6
{[%clk 0:01:44]} 36. Ra6+ {[%clk 0:49:37]} Ke7 {[%clk 0:01:37]} 37. Ra7
{[%clk 0:47:43]} Kf6 {[%clk 0:01:48]} 38. Kh2 {[%clk 0:46:29]} Rc2
{[%clk 0:01:16]} 39. Kg2 {[%clk 0:45:05]} Re1 {[%clk 0:01:00]} 40. Rb4
{[%clk 0:42:14]} Bd3 {[%clk 0:00:44]} 41. Rf4+ {[%clk 0:41:30]} Bf5
{[%clk 0:27:05]} 42. Raa4 {[%clk 1:11:10]} Ke5 {[%clk 0:19:59]} 43. Ra8
{[%clk 1:11:17]} Kf6 {[%clk 0:17:11]} 44. Raa4 {[%clk 1:11:41]} Ke5
{[%clk 0:17:21]} 45. Ra8 {[%clk 1:12:05]} Kf6 {[%clk 0:17:43]} 46. Raa4
{[%clk 1:10:40]} 1/2-1/2

[Event "MCR muzu 2023"]
[Site "?"]
[Date "2023.05.17"]
[Round "9.4"]
[White "Finek, Vaclav"]
[Black "Petr, Martin"]
[Result "1/2-1/2"]
[BlackElo "2478"]
[WhiteElo "2410"]
[LiveChessVersion "1.4.8"]

1. d4 {[%clk 1:30:58]} d5 {[%clk 1:30:53]} 2. Nf3 {[%clk 1:31:24]} Nf6
{[%clk 1:31:17]} 3. g3 {[%clk 1:31:50]} Bf5 {[%clk 1:31:42]} 4. Bg2
{[%clk 1:32:16]} h6 {[%clk 1:30:41]} 5. c4 {[%clk 1:32:39]} e6 {[%clk 1:31:07]}
6. Nc3 {[%clk 1:33:04]} c6 {[%clk 1:31:31]} 7. Qb3 {[%clk 1:33:05]} Qb6
{[%clk 1:31:55]} 8. c5 {[%clk 1:33:21]} Qxb3 {[%clk 1:32:18]} 9. axb3
{[%clk 1:33:48]} Be7 {[%clk 1:32:42]} 10. b4 {[%clk 1:27:34]} O-O
{[%clk 1:32:53]} 11. O-O {[%clk 1:16:58]} a6 {[%clk 1:32:07]} 12. b5
{[%clk 1:07:19]} cxb5 {[%clk 1:32:21]} 13. Nxb5 {[%clk 1:07:43]} Nc6
{[%clk 1:32:48]} 14. Nc3 {[%clk 1:08:02]} Nd7 {[%clk 1:23:02]} 15. Na4
{[%clk 0:57:50]} Be4 {[%clk 1:18:27]} 16. Be3 {[%clk 0:49:16]} Nb4
{[%clk 1:10:32]} 17. Nd2 {[%clk 0:40:21]} Bxg2 {[%clk 1:05:33]} 18. Kxg2
{[%clk 0:40:45]} Nc2 {[%clk 1:05:47]} 19. Rac1 {[%clk 0:36:22]} Nxe3+
{[%clk 1:06:07]} 20. fxe3 {[%clk 0:36:48]} a5 {[%clk 0:55:19]} 21. Nc3
{[%clk 0:30:58]} Nb8 {[%clk 0:43:58]} 22. Ndb1 {[%clk 0:26:09]} Nc6
{[%clk 0:37:51]} 23. Na3 {[%clk 0:24:38]} Bg5 {[%clk 0:37:59]} 24. Kf2
{[%clk 0:23:16]} e5 {[%clk 0:37:44]} 25. Rcd1 {[%clk 0:22:10]} Rfe8
{[%clk 0:37:12]} 26. Nc2 {[%clk 0:17:16]} Bxe3+ {[%clk 0:33:21]} 27. Nxe3
{[%clk 0:17:21]} exd4 {[%clk 0:33:47]} 28. Nexd5 {[%clk 0:16:53]} dxc3
{[%clk 0:32:36]} 29. Nc7 {[%clk 0:05:45]} c2 {[%clk 0:32:02]} 30. Rd3
{[%clk 0:06:06]} Nb4 {[%clk 0:24:53]} 31. Rc3 {[%clk 0:05:59]} Kf8
{[%clk 0:23:29]} 32. Nxa8 {[%clk 0:05:31]} Rxa8 {[%clk 0:23:55]} 33. Ra1
{[%clk 0:04:12]} Ke7 {[%clk 0:22:35]} 34. Ke1 {[%clk 0:02:58]} Rd8
{[%clk 0:19:46]} 35. Rca3 {[%clk 0:02:32]} Kd7 {[%clk 0:16:21]} 36. Rxa5
{[%clk 0:01:24]} Kc6 {[%clk 0:16:48]} 37. Rc1 {[%clk 0:01:08]} Rd7
{[%clk 0:15:29]} 38. h3 {[%clk 0:00:54]} h5 {[%clk 0:14:00]} 39. Rca1
{[%clk 0:00:43]} g5 {[%clk 0:13:20]} 40. Rc1 {[%clk 0:00:36]} f5 {[%clk 0:07:32]}
41. Ra3 {[%clk 0:20:38]} Kxc5 {[%clk 0:37:46]} 42. Rc3+ {[%clk 0:20:54]} Kb5
{[%clk 0:37:17]} 43. Rb3 {[%clk 0:20:13]} Kc4 {[%clk 0:34:15]} 44. Rc3+
{[%clk 0:20:36]} Kb5 {[%clk 0:34:20]} 45. Rb3 {[%clk 0:21:01]} Kc4
{[%clk 0:34:21]} 1/2-1/2

[Event "MCR muzu 2023"]
[Site "?"]
[Date "2023.05.17"]
[Round "9.5"]
[White "Simacek, Pavel"]
[Black "Krejci, Jan"]
[Result "1/2-1/2"]
[BlackElo "2517"]
[WhiteElo "2466"]
[LiveChessVersion "1.4.8"]

1. d4 {[%clk 1:30:54]} d5 {[%clk 1:30:56]} 2. c4 {[%clk 1:31:04]} e6
{[%clk 1:31:21]} 3. Nc3 {[%clk 1:31:23]} Nf6 {[%clk 1:31:33]} 4. cxd5
{[%clk 1:31:29]} exd5 {[%clk 1:31:56]} 5. Bg5 {[%clk 1:31:45]} c6
{[%clk 1:32:22]} 6. e3 {[%clk 1:31:55]} Be7 {[%clk 1:32:46]} 7. Bd3
{[%clk 1:32:01]} Nbd7 {[%clk 1:33:10]} 8. Qc2 {[%clk 1:29:50]} O-O
{[%clk 1:32:03]} 9. Nge2 {[%clk 1:29:41]} Re8 {[%clk 1:31:17]} 10. O-O
{[%clk 1:29:21]} h6 {[%clk 1:26:54]} 11. Bh4 {[%clk 1:29:16]} a5 {[%clk 1:27:16]}
12. f3 {[%clk 1:24:23]} b5 {[%clk 1:22:59]} 13. Bg3 {[%clk 1:16:22]} Bb7
{[%clk 1:20:58]} 14. e4 {[%clk 1:08:09]} b4 {[%clk 1:15:24]} 15. Na4
{[%clk 1:07:10]} Nf8 {[%clk 1:00:01]} 16. e5 {[%clk 0:59:16]} N6d7
{[%clk 1:00:15]} 17. Rac1 {[%clk 0:58:02]} Rc8 {[%clk 0:58:01]} 18. Bf2
{[%clk 0:52:28]} c5 {[%clk 0:51:12]} 19. dxc5 {[%clk 0:50:27]} Ne6
{[%clk 0:49:11]} 20. Bb5 {[%clk 0:44:48]} Nexc5 {[%clk 0:46:06]} 21. Qf5
{[%clk 0:42:33]} Bc6 {[%clk 0:39:15]} 22. Bxc6 {[%clk 0:37:06]} Rxc6
{[%clk 0:39:43]} 23. Nd4 {[%clk 0:37:27]} Rc8 {[%clk 0:31:22]} 24. e6
{[%clk 0:27:25]} Nf6 {[%clk 0:31:47]} 25. Nxc5 {[%clk 0:15:19]} Bxc5
{[%clk 0:32:15]} 26. Rxc5 {[%clk 0:14:43]} Rxc5 {[%clk 0:32:43]} 27. exf7+
{[%clk 0:15:06]} Kxf7 {[%clk 0:33:10]} 28. Ne6 {[%clk 0:15:32]} Qd7
{[%clk 0:33:12]} 29. Bxc5 {[%clk 0:15:39]} Qxe6 {[%clk 0:33:37]} 30. Qxe6+
{[%clk 0:14:03]} Rxe6 {[%clk 0:34:06]} 31. Bd4 {[%clk 0:14:13]} Rc6
{[%clk 0:31:24]} 32. Rd1 {[%clk 0:12:53]} a4 {[%clk 0:28:02]} 33. Be3
{[%clk 0:08:26]} Ke6 {[%clk 0:23:48]} 34. Rd4 {[%clk 0:06:11]} Rc4
{[%clk 0:24:04]} 35. b3 {[%clk 0:06:01]} axb3 {[%clk 0:18:23]} 36. axb3
{[%clk 0:06:27]} Rc3 {[%clk 0:18:48]} 37. Bd2 {[%clk 0:06:54]} Rxb3
{[%clk 0:19:15]} 38. Rxb4 {[%clk 0:07:18]} Rxb4 {[%clk 0:19:10]} 39. Bxb4
{[%clk 0:07:43]} d4 {[%clk 0:19:08]} 40. Bf8 {[%clk 0:07:55]} Ne8
{[%clk 0:19:34]} 41. Kf2 {[%clk 0:08:10]} h5 {[%clk 0:20:00]} 42. g4
{[%clk 0:01:11]} g6 {[%clk 0:20:24]} 43. Kg3 {[%clk 0:30:21]} d3 {[%clk 0:48:08]}
44. Bb4 {[%clk 0:28:48]} Nf6 {[%clk 0:47:52]} 45. h3 {[%clk 0:28:50]} Nd5
{[%clk 0:36:52]} 46. Bd2 {[%clk 0:28:52]} hxg4 {[%clk 0:31:35]} 47. hxg4
{[%clk 0:27:14]} Ke5 {[%clk 0:31:29]} 48. f4+ {[%clk 0:21:06]} Ke4
{[%clk 0:31:29]} 49. f5 {[%clk 0:21:30]} gxf5 {[%clk 0:31:54]} 50. gxf5
{[%clk 0:21:57]} Kxf5 {[%clk 0:32:17]} 51. Kh4 {[%clk 0:22:14]} Ke4
{[%clk 0:32:42]} 52. Kg5 {[%clk 0:22:34]} Kf3 {[%clk 0:32:54]} 53. Kh6
{[%clk 0:22:30]} Ke2 {[%clk 0:33:18]} 54. Ba5 {[%clk 0:22:55]} Kd1
{[%clk 0:33:42]} 55. Kh7 {[%clk 0:23:19]} Kc2 {[%clk 0:34:08]} 56. Be1
{[%clk 0:23:47]} Ne3 {[%clk 0:34:32]} 57. Kh8 {[%clk 0:23:59]} Nc4
{[%clk 0:34:51]} 58. Kg8 {[%clk 0:24:16]} Nd2 {[%clk 0:35:16]} 59. Kh8
{[%clk 0:24:37]} Kd1 {[%clk 0:35:31]} 60. Bg3 {[%clk 0:24:39]} Ke2
{[%clk 0:33:00]} 61. Bd6 {[%clk 0:24:05]} Ne4 {[%clk 0:31:50]} 62. Bb4
{[%clk 0:24:22]} Kd1 {[%clk 0:31:03]} 63. Ba5 {[%clk 0:24:27]} Kc2
{[%clk 0:31:22]} 64. Be1 {[%clk 0:24:53]} Nd2 {[%clk 0:31:49]} 65. Kg8
{[%clk 0:24:38]} Kd1 {[%clk 0:32:15]} 66. Bg3 {[%clk 0:25:05]} Nc4
{[%clk 0:32:41]} 67. Bf4 {[%clk 0:24:51]} Ke2 {[%clk 0:32:26]} 68. Bc1
{[%clk 0:25:17]} Kf3 {[%clk 0:32:34]} 69. Kh8 {[%clk 0:25:22]} Ke4
{[%clk 0:33:00]} 70. Kg8 {[%clk 0:25:35]} Kd4 {[%clk 0:33:10]} 71. Kh7
{[%clk 0:25:27]} Kc3 {[%clk 0:31:59]} 72. Bf4 {[%clk 0:25:34]} Kd4
{[%clk 0:31:45]} 73. Bc1 {[%clk 0:26:00]} Ne3 {[%clk 0:32:01]} 74. Bd2
{[%clk 0:26:06]} Kc4 {[%clk 0:32:06]} 75. Bxe3 {[%clk 0:26:31]} d2
{[%clk 0:32:33]} 76. Bxd2 1/2-1/2